000 00448nam a2200145Ia 4500
008 100122s9999 xx 000 0 und d
082 _b70419
_a823.08
100 _aजावडेकर सुबोध
245 _aकुरुक्षेत्र
260 _bराजहंस प्रकाशन
_c2006
300 _a236
630 _aकुरुक्षेत्र
730 _aकुरुक्षेत्र
942 _cBOOK
999 _c441377
_d441374